| 000 | 00724nam a2200205 a 4500 | ||
|---|---|---|---|
| 005 | 20221201064241.0 | ||
| 008 | 991125s1993 mx 000 0 spa u | ||
| 020 | _a9688423505 | ||
| 035 | _aUPN01000012982 | ||
| 049 | _aCG | ||
| 050 | 4 |
_aS934 A44 _bC84 |
|
| 245 | 0 | 0 |
_aCultura y manejo sustentable de los recursos naturales / _cEnrique Leff... [et al.]. |
| 260 |
_aMéxico : _bUNAM, Centro de Investigaciones Interdisciplinarias en Humanidades : _bM. A. Porrúa. _c1993. |
||
| 300 | _av- | ||
| 440 | 0 | _aMéxico : actualidad y perspectivas | |
| 650 | 4 |
_aRECURSOS NATURALES - _zAMERICA LATINA _91579 |
|
| 650 | 7 |
_aConservación de los recursos naturales _2 _91580 |
|
| 700 | 1 |
_aLeff, Enrique _ecoaut. _928977 |
|
| 905 | _aLibro | ||
| 999 |
_c12982 _d12982 |
||